| 000 | 00338nam a2200121Ia 4500 | ||
|---|---|---|---|
| 008 | 150610s9999 xx 000 0 und d | ||
| 020 | _a0486272648 (pbk.) | ||
| 050 |
_aPR1583 _b.G6 1992 |
||
| 245 |
_aBeowulf _c. |
||
| 260 |
_aNew York : _bDover Publications, _c1992. |
||
| 300 |
_a57pages ; _c21 cm. |
||
| 520 | _aEpic poetry, English (Old | ||
| 999 |
_c288140 _d288140 |
||